00751nam a22002057a 4500999001900000005001700019010001500036020002600051035001400077037001300091082001100104100001900115245005200134260003800186270010900224300002400333500004000357942002500397952012300422 c168268d16826820191001150708.0 aENG-126588 a9788178442402c595.00 aEN-110120 bDBAD/PUB a337.54 aSurender Singh aSouth Asian economic union /cby Surender Singh aNew DelhibK.K. Pubicationsc2018 a4806/24, Bharat Ram RoadbDarya Ganj, New Delhie110002k011-23285167, 65185557minfo@kkpublications.com axvi;160p.c22cm(Hb) aIncludes bibliographical references 2ddccENh337.54mSUR 001040708NFICaZLSbZLSd2019-10-01eDBAD/PUBg595.00l0o337.54 SURpEN-110120r2019-10-01 00:00:00t1v595.00yEN